| 000 | 01012nam a22002657a 4500 | ||
|---|---|---|---|
| 005 | 20170124102948.0 | ||
| 010 | _aB-158126 | ||
| 020 |
_c200.00 _a8187774010 |
||
| 035 | _aB-158126 | ||
| 037 | _bCen Lib/Ret | ||
| 040 |
_aDPL _bHN |
||
| 082 |
_a824 _bअवस्थी |
||
| 100 |
_aअवस्थी , ब्रह्मदत्त _942649 |
||
| 245 |
_aचिंतन धारा / _c ब्रह्मदत्त अवस्थी |
||
| 246 |
_achintan dhaara _bby Brahmdutt Awasthi |
||
| 260 |
_aनई दिल्ली _bनीलकंठ प्रकाशन _c2005 |
||
| 270 |
_a1/1079, ई -महरौली _bनई दिल्ली _e110030 |
||
| 300 |
_a187पृष्ठ. _c21सेमी (सजिल्द) |
||
| 650 |
_aहिंदी साहित्य _950570 |
||
| 650 |
_aनिबंध _950571 |
||
| 650 |
_ahindi literature _950572 |
||
| 650 |
_aEssay _942386 |
||
| 700 | _950544 | ||
| 942 |
_2ddc _cHN _h824 _mअवस्थी |
||
| 999 |
_c113089 _d113089 |
||